[Event "Delft Prinsenstad op-B"]
[Site "Delft"]
[Date "2009.01.03"]
[Round "3"]
[White "Bons, Maurits M"]
[Black "Van den Berg, Bastiaan"]
[Result "0-1"]
[WhiteElo "1950"]
[BlackElo "1803"]
[PlyCount "73"]
[EventDate "2009.01.02"]
[EventType "swiss"]
[EventRounds "6"]
[EventCountry "NED"]
[SourceTitle "EXT 2011"]
[Source "ChessBase"]
[SourceDate "2010.11.26"]
[SourceVersion "1"]
[SourceVersionDate "2010.11.26"]
[SourceQuality "1"]

1. e4 c6 2. Nf3 d5 3. Nc3 Bg4 4. h3 Bh5 5. g4 Bg6 6. exd5 cxd5 7. Bb5+ Nc6 8. Ne5 Qd6 9. d4 f6 10. Nxg6 hxg6 11. Qf3 0-0-0 12. Be3 e5 13. Bxc6 Qxc6 14. dxe5 d4 15. Qxc6+ bxc6 16. Bd2 dxc3 17. Bxc3 fxe5 18. Bxe5 Re8 19. f4 Bd6 20. 0-0-0 Bxe5 21. fxe5 Re6 22. c4 Ne7 23. Rde1 Rf8 24. Re3 Rf4 25. b3 c5 26. Rd1 Kc7 27. Rd5 Nxd5 28. cxd5 Ra6 29. d6+ Kd8 30. a4 c4 31. Kc2 cxb3+ 32. Rxb3 Rf2+ 33. Kd3 Rf3+ 34. Kc2 Rxb3 35. Kxb3 Rc6 36. Kb4 Kd7 37. Kb5 0-1